00730nam a2200181Ia 4500008004100000020001500041041001200056082001600068100001500084245003500099260003900134300000800173650001200181942000700193999001500200952017200215952016100387221030s9999 xx 000 0 und d a8173191980 aEnglish a105.23bNai aP. V. Naik 0aApplied Physicscby P. V. Naik bNarosa Pub. HouseaNew Delhic1998 a190 aPhysics cBK c3181d3181 pBE 5105g120.00l0o105.23 Nair2024-06-13 00:00:00w2022-10-30yBK003Print4070aMIETLIBbMIETLIBcBL-Academic Block - C, FL-2, CUP-7, SH-4, R-4d2002-05-2310HBE pBE 5104g190.00l0o105.23 Nair2024-06-13 00:00:00w2022-10-30yBK003Print4071aMIETLIBbMIETLIBcBL-Second, FL-1, CUP-16, SH-3, R-3d2005-05-2310HBE